5 biggest cities starting with A in every continent - Statistics

General Stats
  • This quiz has been taken 44 times
  • The average score is 14 of 30
Answer Stats
Continent Population City % Correct
Africa 3.811.516 Alexandria
85%
Oceania 1.225.235 Adelaide
80%
Europe 741.636 Amsterdam
78%
North America 463.878 Atlanta
78%
Africa 2.757.729 Addis Ababa
76%
Asia 3.517.182 Ankara
76%
Africa 1.963.264 Accra
73%
Europe 664.046 Athens
73%
Oceania 417.910 Auckland
73%
Africa 1.977.663 Algiers
68%
North America 931.830 Austin
66%
Africa 3.677.115 Abidjan
63%
Asia 3.719.710 Ahmedabad
63%
South America 1.482.200 Asuncion
63%
Europe 459.805 Antwerp
54%
Asia 1.430.055 Agra
51%
North America 673.479 Acapulco de Juarez
44%
Asia 2.249.500 Almaty
44%
Oceania 40.407 Apia
41%
North America 559.121 Albuquerque
34%
Asia 1.602.264 Aleppo
32%
South America 841.130 Arequipa
32%
Europe 356.051 Arkhangel'sk
17%
North America 722.250 Aguascalientes
15%
Europe 502.533 Astrakhan
15%
Oceania 45.627 Albury
7%
South America 490.175 Aracaju
7%
South America 433.956 Ananindeua
2%
South America 510.770 Aparecida de Goiania
2%
Oceania 62.296 Armadale
0%
No matching quizzes found
Score Distribution
Percent of People with Each Score
Percentile by Number Answered
Your Score History
You have not taken this quiz